UBT Library

Contemporary management / (Record no. 1180)

000 -LEADER
fixed length control field 00593nam a22002177a 4500
008 - FIXED-LENGTH DATA ELEMENTS--GENERAL INFORMATION
fixed length control field 150925b xxu||||| |||| 00| 0 eng d
020 ## - INTERNATIONAL STANDARD BOOK NUMBER
International Standard Book Number 9780073530222
020 ## - INTERNATIONAL STANDARD BOOK NUMBER
International Standard Book Number 0073530220 (alk. paper)
041 0# - LANGUAGE CODE
Language code of text/sound track or separate title eng
080 ## - UNIVERSAL DECIMAL CLASSIFICATION NUMBER
Universal Decimal Classification number 658
100 1# - Rafti
Rafti Jones, Gareth R.
245 10 - TITLE STATEMENT
Title Contemporary management /
Statement of responsibility, etc Gareth R. Jones, Jennifer M. George.
250 ## -
-- 5th ed.
260 ## -
-- Boston :
-- McGraw-Hill/Irwin,
-- 2008.
300 ## -
-- xxxiii, 805 f. :
-- me il.;
-- 27 cm.
650 #0 -
-- Menaxhim
650 #0 -
-- Organizim
650 #0 -
-- Udhëheqje
700 1# -
-- George, Jennifer M.
942 ## - ADDED ENTRY ELEMENTS (KOHA)
Source of classification or shelving scheme
Item type Books
Holdings
Withdrawn status Lost status Source of classification or shelving scheme Damaged status Not for loan Collection code Permanent location Current location Shelving location Date acquired Total Checkouts Full call number Barcode Date last seen Price effective from Koha item type
          Koleksioni i përgjithshem UBT - Lipjan UBT - Lipjan Koleksioni i përgjithshem 09/25/2015   658 JON 002-007733 09/25/2015 09/25/2015 Books
          Koleksioni i përgjithshem UBT - Lipjan UBT - Lipjan Koleksioni i përgjithshem 10/18/2017   338 JON 002-2932084 10/18/2017 10/18/2017 Books
UBT Library © 2015-2024. All rights reserved University Education for Business and Technology